ROUTLEDGE COMPANION to smart cities (Record no. 1225043)

MARC details
000 -LEADER
fixed length control field 00694nam a2200229Ia 4500
005 - DATE AND TIME OF LATEST TRANSACTION
control field 20241129104237.0
008 - FIXED-LENGTH DATA ELEMENTS--GENERAL INFORMATION
fixed length control field 241129s9999||||xx |||||||||||||| ||und||
020 ## - INTERNATIONAL STANDARD BOOK NUMBER
International Standard Book Number 9781032570044
037 ## - SOURCE OF ACQUISITION
Stock number Reference
040 ## - CATALOGING SOURCE
Original cataloging agency RTL
Language of cataloging eng
Transcribing agency RTL
041 ## - LANGUAGE CODE
Language code of text/sound track or separate title eng
Source of code eng
084 ## - COLON CLASSIFICATION NUMBER
Classification number U435 R0/RR
Assigning agency RTL
100 ## - MAIN ENTRY--PERSONAL NAME
Personal name Willis Katharine S.; Aurigi Alessandro
9 (RLIN) 725410
245 #0 - TITLE STATEMENT
Title ROUTLEDGE COMPANION to smart cities
Statement of responsibility, etc. Willis Katharine S.; Aurigi Alessandro
260 ## - PUBLICATION, DISTRIBUTION, ETC.
Place of publication, distribution, etc. London
Name of publisher, distributor, etc. Routledge
Date of publication, distribution, etc. 2020
300 ## - PHYSICAL DESCRIPTION
Extent xx,429p.
365 ## - TRADE PRICE
Price type code INR
Price amount 4616.69
490 ## - SERIES STATEMENT
Series statement Routledge International Handbooks
650 ## - SUBJECT ADDED ENTRY--TOPICAL TERM
Topical term or geographic name entry element Smart Cities
942 ## - ADDED ENTRY ELEMENTS (KOHA)
Koha item type
Classification part U435 R0/RR
Holdings
Withdrawn status Lost status Damaged status Not for loan Home library Current library Date acquired Source of acquisition Cost, normal purchase price Inventory number Total Checkouts Full call number Barcode Date last seen Price effective from Koha item type
        Ratan Tata Library Ratan Tata Library 2024-11-29 Excel book int 4616.69 57 & 15/12/2023   U435 R0/RR RT1502979 2024-11-29 2024-11-29  
Copyright @ Delhi University Library System